<?xml version='1.0' encoding='UTF-8'?>
  <record xmlns="http://www.loc.gov/MARC21/slim">
    <leader>00000cam a2200000 i 4500</leader>
    <controlfield tag="001">ocm07392700</controlfield>
    <controlfield tag="003">OCoLC</controlfield>
    <controlfield tag="005">20240210061653.1</controlfield>
    <controlfield tag="008">810505s1549    sz a          001 0 lat d</controlfield>
    <datafield tag="040" ind1=" " ind2=" ">
      <subfield code="a">CDS</subfield>
      <subfield code="b">eng</subfield>
      <subfield code="e">rda</subfield>
      <subfield code="e">dcrmr</subfield>
      <subfield code="c">CDS</subfield>
      <subfield code="d">OCL</subfield>
      <subfield code="d">OCLCG</subfield>
      <subfield code="d">OCLCQ</subfield>
      <subfield code="d">OCLCF</subfield>
      <subfield code="d">OCLCQ</subfield>
      <subfield code="d">OCLCO</subfield>
      <subfield code="d">QGJ</subfield>
      <subfield code="d">OCLCO</subfield>
      <subfield code="d">OCLCL</subfield>
      <subfield code="d">OCLCQ</subfield>
      <subfield code="d">OCLCL</subfield>
    </datafield>
    <datafield tag="066" ind1=" " ind2=" ">
      <subfield code="c">(S</subfield>
    </datafield>
    <datafield tag="035" ind1=" " ind2=" ">
      <subfield code="a">(OCoLC)7392700</subfield>
    </datafield>
    <datafield tag="050" ind1=" " ind2="4">
      <subfield code="a">PA6445</subfield>
      <subfield code="b">.H8 1549</subfield>
    </datafield>
    <datafield tag="100" ind1="1" ind2=" ">
      <subfield code="a">Hyginus, C. Julius,</subfield>
      <subfield code="e">author.</subfield>
      <subfield code="4">aut</subfield>
    </datafield>
    <datafield tag="240" ind1="1" ind2="0">
      <subfield code="a">Fabulae</subfield>
    </datafield>
    <datafield tag="245" ind1="1" ind2="0">
      <subfield code="a">C. Iulii Hygini, Augusti liberti, Fabularum liber, ad omium poetarum lectionem mire necessarius, &amp; nunc denuc excusus :</subfield>
      <subfield code="b">Eiusdem Poeticon astronomicon libri quatuor. Quibus accesserunt similis argumenti, Palaephati De fabulosis narrationibus, liber I. F. Fulgentii Placiadis ... Mythologiarum libri III. Eiusdem De uocum antiquarum interpretatione, liber I. Phurnuti De natura deorum, siue poeticarum fabularum allegorijs, speculatio. Albrici ... De deorum imaginibus liber. Arati ... fragmentum, Germanico Cæsare interprete. Ejusdem Phaenomena graecè, cum interpretatione latina. Procli De sphaera libellus, graecè &amp; latinè. Index rerum &amp; fabularum ...</subfield>
    </datafield>
    <datafield tag="246" ind1="3" ind2="0">
      <subfield code="a">C. Ivlii Hygini, Avgvsti liberti, Fabvlarvm liber, ad omivm poetarvm lecticnem mire necessarius, &amp; nunc denuc excusus</subfield>
    </datafield>
    <datafield tag="246" ind1="3" ind2="0">
      <subfield code="a">Fabularum liber, ad omium poetarum lectionem mire necessarius</subfield>
    </datafield>
    <datafield tag="264" ind1=" " ind2="1">
      <subfield code="a">Basileae, :</subfield>
      <subfield code="b">Per Ioannem Heruagium,</subfield>
      <subfield code="c">1549. Mense Martio.</subfield>
    </datafield>
    <datafield tag="300" ind1=" " ind2=" ">
      <subfield code="a">[6], 261, [25] pages :</subfield>
      <subfield code="b">illustrations (woodcuts) ;</subfield>
      <subfield code="c">34 cm (folio)</subfield>
    </datafield>
    <datafield tag="336" ind1=" " ind2=" ">
      <subfield code="a">text</subfield>
      <subfield code="b">txt</subfield>
      <subfield code="2">rdacontent</subfield>
    </datafield>
    <datafield tag="337" ind1=" " ind2=" ">
      <subfield code="a">unmediated</subfield>
      <subfield code="b">n</subfield>
      <subfield code="2">rdamedia</subfield>
    </datafield>
    <datafield tag="338" ind1=" " ind2=" ">
      <subfield code="a">volume</subfield>
      <subfield code="b">nc</subfield>
      <subfield code="2">rdacarrier</subfield>
    </datafield>
    <datafield tag="340" ind1=" " ind2=" ">
      <subfield code="m">folio</subfield>
      <subfield code="2">rdabf</subfield>
    </datafield>
    <datafield tag="500" ind1=" " ind2=" ">
      <subfield code="a">Often wrongly attributed (as in this edition)--to Caius Julius Hyginus. Cf. U.S. Library of Congress. Classification, class P. P-PA, page 344, footnote, 1928.</subfield>
    </datafield>
    <datafield tag="500" ind1=" " ind2=" ">
      <subfield code="a">Edited by J. Micyllus.</subfield>
    </datafield>
    <datafield tag="500" ind1=" " ind2=" ">
      <subfield code="a">Colophon: Basileae, per Joannem Hervagium, anno salutis humanae M.D.XLIX. Mense Martio.</subfield>
    </datafield>
    <datafield tag="500" ind1=" " ind2=" ">
      <subfield code="a">Includes index.</subfield>
    </datafield>
    <datafield tag="500" ind1=" " ind2=" ">
      <subfield code="a">Procli sphaera translated by Thomas Linacre.</subfield>
    </datafield>
    <datafield tag="500" ind1=" " ind2=" ">
      <subfield code="a">Printer's device on title page.</subfield>
    </datafield>
    <datafield tag="510" ind1="4" ind2=" ">
      <subfield code="a">Verzeichnis der im deutschen Sprachbereich erschienenen Drucke des 16. Jahrhunderts (VD 16),</subfield>
      <subfield code="c">H 6480</subfield>
    </datafield>
    <datafield tag="650" ind1=" " ind2="0">
      <subfield code="a">Mythology, Classical.</subfield>
    </datafield>
    <datafield tag="650" ind1=" " ind2="0">
      <subfield code="a">Astronomy</subfield>
      <subfield code="v">Early works to 1800.</subfield>
    </datafield>
    <datafield tag="650" ind1=" " ind2="6">
      <subfield code="a">Mythologie ancienne.</subfield>
    </datafield>
    <datafield tag="650" ind1=" " ind2="6">
      <subfield code="a">Astronomie</subfield>
      <subfield code="v">Ouvrages avant 1800.</subfield>
    </datafield>
    <datafield tag="650" ind1=" " ind2="7">
      <subfield code="a">Astronomy</subfield>
      <subfield code="2">fast</subfield>
    </datafield>
    <datafield tag="650" ind1=" " ind2="7">
      <subfield code="a">Mythology, Classical</subfield>
      <subfield code="2">fast</subfield>
    </datafield>
    <datafield tag="655" ind1=" " ind2="7">
      <subfield code="a">Early works</subfield>
      <subfield code="2">fast</subfield>
    </datafield>
    <datafield tag="700" ind1="1" ind2="2">
      <subfield code="i">Container of (work):</subfield>
      <subfield code="a">Hyginus, C. Julius.</subfield>
      <subfield code="t">Poetica astronomica.</subfield>
    </datafield>
    <datafield tag="700" ind1="0" ind2="2">
      <subfield code="i">Container of (work)</subfield>
      <subfield code="a">Palaephatus.</subfield>
      <subfield code="t">De incredibilibus.</subfield>
    </datafield>
    <datafield tag="700" ind1="1" ind2="2">
      <subfield code="i">Container of (work):</subfield>
      <subfield code="a">Fulgentius, Fabius Planciades.</subfield>
      <subfield code="t">Mitologiae.</subfield>
    </datafield>
    <datafield tag="700" ind1="1" ind2="2">
      <subfield code="i">Container of (work):</subfield>
      <subfield code="a">Fulgentius, Fabius Planciades.</subfield>
      <subfield code="t">Expositio verborum antiquorum.</subfield>
    </datafield>
    <datafield tag="700" ind1="1" ind2=" ">
      <subfield code="i">Container of (work):</subfield>
      <subfield code="a">Cornutus, Lucius Annaeus,</subfield>
      <subfield code="d">active 1st century.</subfield>
      <subfield code="t">Theologiae Graecae compendium.</subfield>
    </datafield>
    <datafield tag="700" ind1="0" ind2=" ">
      <subfield code="i">Container of (work):</subfield>
      <subfield code="a">Albricus,</subfield>
      <subfield code="c">philosophus,</subfield>
      <subfield code="d">active 13th century.</subfield>
      <subfield code="t">De deorum imaginibus iliber.</subfield>
    </datafield>
    <datafield tag="700" ind1="0" ind2=" ">
      <subfield code="i">Container of (work):</subfield>
      <subfield code="a">Aratus,</subfield>
      <subfield code="c">Solensis.</subfield>
      <subfield code="t">Phaenomena.</subfield>
    </datafield>
    <datafield tag="700" ind1="0" ind2=" ">
      <subfield code="i">Container of (work):</subfield>
      <subfield code="a">Germanicus Caesar,</subfield>
      <subfield code="d">15 B.C.-19 A.D.</subfield>
      <subfield code="t">Phaenomena.</subfield>
    </datafield>
    <datafield tag="700" ind1="0" ind2=" ">
      <subfield code="i">Container of (work):</subfield>
      <subfield code="a">Proclus,</subfield>
      <subfield code="d">approximately 410-485.</subfield>
      <subfield code="t">De sphaera.</subfield>
    </datafield>
    <datafield tag="700" ind1="0" ind2=" ">
      <subfield code="i">Container of (expression):</subfield>
      <subfield code="a">Proclus,</subfield>
      <subfield code="d">approximately 410-485.</subfield>
      <subfield code="t">De sphaera.</subfield>
      <subfield code="l">Latin.</subfield>
      <subfield code="s">(Linacre)</subfield>
    </datafield>
    <datafield tag="700" ind1="1" ind2=" ">
      <subfield code="a">Linacre, Thomas,</subfield>
      <subfield code="d">1460-1524,</subfield>
      <subfield code="e">translator.</subfield>
      <subfield code="4">trl</subfield>
      <subfield code="1">https://id.oclc.org/worldcat/entity/E39PBJdrPhMXvtKqFYdK4cYHG3</subfield>
    </datafield>
    <datafield tag="700" ind1="1" ind2=" ">
      <subfield code="a">Moltzer, Jakob,</subfield>
      <subfield code="d">1503-1558,</subfield>
      <subfield code="e">editor.</subfield>
      <subfield code="4">edt</subfield>
      <subfield code="1">https://id.oclc.org/worldcat/entity/E39PBJhGWPRftr4g3bvXmDpwYP</subfield>
    </datafield>
    <datafield tag="700" ind1="1" ind2=" ">
      <subfield code="a">Herwagen, Johann,</subfield>
      <subfield code="d">1497-1559?,</subfield>
      <subfield code="e">printer.</subfield>
      <subfield code="4">prt</subfield>
      <subfield code="1">https://id.oclc.org/worldcat/entity/E39PBJfCr8PgpFYQ6gggQqcpT3</subfield>
    </datafield>
    <datafield tag="700" ind1="1" ind2=" ">
      <subfield code="a">Truchsess von Waldburg, Otto,</subfield>
      <subfield code="d">1514-1573,</subfield>
      <subfield code="e">dedicatee.</subfield>
      <subfield code="4">dte</subfield>
      <subfield code="1">https://id.oclc.org/worldcat/entity/E39PBJcgrPKJ7rBfcWW84CBgKd</subfield>
    </datafield>
    <datafield tag="752" ind1=" " ind2=" ">
      <subfield code="a">Switzerland</subfield>
      <subfield code="d">Basel,</subfield>
      <subfield code="e">publication place.</subfield>
      <subfield code="4">pup</subfield>
    </datafield>
    <datafield tag="758" ind1=" " ind2=" ">
      <subfield code="i">has work:</subfield>
      <subfield code="a">C. Iulii Hygini Augusti liberti, fabularum liber (Text)</subfield>
      <subfield code="1">https://id.oclc.org/worldcat/entity/E39PCGjxWK6MwpXCq44QQ3fBrm</subfield>
      <subfield code="4">https://id.oclc.org/worldcat/ontology/hasWork</subfield>
    </datafield>
    <datafield tag="880" ind1=" " ind2=" ">
      <subfield code="6">500-00/(S</subfield>
      <subfield code="a">Signatures: α⁴ a-z⁶ A⁶; A6 is blank.</subfield>
    </datafield>
  </record>